| 000 | 00367nam a2200121Ia 4500 | ||
|---|---|---|---|
| 008 | 180309s9999 xx 000 0 und d | ||
| 020 | _a9710618342 | ||
| 100 | _aCruz, Francis R. | ||
| 245 |
_cDela Peña, Carmen R. _aMathematics IV advanced algebra for secondary schools / |
||
| 260 |
_aQuezon City : _b1988 _cPhoenix pub |
||
| 300 | _av, 367 pages | ||
| 650 | _aAlgebra | ||
| 999 |
_c356130 _d356130 |
||